000
00184 a2200097 4500
020
_a
8426116876
041
_a
spa
100
_a
Hefter, Richard
245
_a
Cabezas y pies
942
_c
BK
999
_c
31915
_d
31913